logo

The Craft of Research (Record no. 2036)

000 -LEADER
fixed length control field 00575nam a22002177a 4500
003 - CONTROL NUMBER IDENTIFIER
control field SLTCLib
008 - FIXED-LENGTH DATA ELEMENTS--GENERAL INFORMATION
fixed length control field 260615b ce ||||| |||| 00| 0 eng d
020 ## - INTERNATIONAL STANDARD BOOK NUMBER
International Standard Book Number 9780226826677
041 ## - LANGUAGE CODE
Language code of text/sound track or separate title English Language
080 ## - UNIVERSAL DECIMAL CLASSIFICATION NUMBER
Universal Decimal Classification number 001.42
Item number BOO
100 ## - MAIN ENTRY--PERSONAL NAME
Personal name Booth, Wayne C.
9 (RLIN) 3601
245 ## - TITLE STATEMENT
Title The Craft of Research
250 ## - EDITION STATEMENT
Edition statement 5th ed.
260 ## - PUBLICATION, DISTRIBUTION, ETC. (IMPRINT)
Place of publication, distribution, etc London
Name of publisher, distributor, etc The University of Chicago press
Date of publication, distribution, etc 2004
300 ## - PHYSICAL DESCRIPTION
Extent 314p.
650 ## - SUBJECT ADDED ENTRY--TOPICAL TERM
Topical term or geographic name as entry element Research
9 (RLIN) 3602
650 ## - SUBJECT ADDED ENTRY--TOPICAL TERM
Topical term or geographic name as entry element Research Methodology
9 (RLIN) 3603
700 ## - ADDED ENTRY--PERSONAL NAME
9 (RLIN) 3599
Personal name Colomb, Gregory G.
700 ## - ADDED ENTRY--PERSONAL NAME
9 (RLIN) 3600
Personal name Williams, Joseph M.
942 ## - ADDED ENTRY ELEMENTS (KOHA)
Source of classification or shelving scheme
Koha item type Reference Materials
945 ## - LOCAL PROCESSING INFORMATION (OCLC)
a 3725
b Ishara wickramage
c 3725
d Ishara wickramage
Holdings
Withdrawn status Lost status Source of classification or shelving scheme Damaged status Not for loan Permanent Location Current Location Shelving location Date acquired Source of acquisition Cost, normal purchase price Full call number Barcode Date last seen Price effective from Koha item type
          Library of SLTC Library of SLTC Reference Section 2026-06-15 Purchased 17280.00 001.42 BOO 003433 2026-06-15 2026-06-15 Reference Materials
          Library of SLTC Library of SLTC Reference Section 2026-06-15 Purchased 17280.00 001.42 BOO 003434 2026-06-15 2026-06-15 Reference Materials
Ghostwriter

All Rights Reserved, Library of SLTC
Sri Lanka Technological Campus, Ingiriya Road, Padukka, Sri Lanka - Telephone: +, Fax: + -
Email:library@sltc.edu.lk
Designed & Maintained by Nimal Hettiarachchi
Last Updated: 15-April -2018